| 000 | 01240nam a2200337 c 4500 | ||
|---|---|---|---|
| 003 | BLK | ||
| 005 | 20250704084223.0 | ||
| 008 | 180408b bul|||||r ||||||| ||bul|| | ||
| 010 | _aKNG00084335000 | ||
| 020 |
_a978-954-9625-14-1 _bиздат.: Ергон |
||
| 040 | _aBLK | ||
| 041 |
_aBUL _cBUL |
||
| 080 |
_aАмериканска литература (на САЩ) _b821.111(73) _x-31 _z821.111(73)-31 |
||
| 100 | 1 |
_aКлейпас, Лайза _eпърви автор _979634 |
|
| 700 | 1 |
_aРозова, Надежда Иванова _9366022 |
|
| 139 |
_aКлейпас, Лайза _bК 63 |
||
| 245 | 1 | 0 |
_aЗахарче _bРоман _cЛайза Клейпас; прев. Надежда Розова. |
| 257 | _aUSA | ||
| 260 |
_аСофия _bЕргон _c2008 _fСофия : Атика |
||
| 300 |
_a352 с. _c20 см |
||
| 380 | _aX | ||
| 490 | 1 | _aБиблиотека Любов и Съдба | |
| 500 | _aОриг. загл. Sugar Daddy / Lisa Kleypas. - Офс. изд. | ||
| 653 | _aромантична проза | ||
| 852 | _aЦб 240420 | ||
| 856 | 4 |
_qpdf _u |
|
| 856 | 4 |
_qpdf _u |
|
| 942 |
_cKNG _n0 _078 |
||
| 944 |
_aCR _c12.06.2008 _k30530 _lМинев Младен |
||
| 944 |
_aED _c14.09.2009 _k |
||
| 999 |
_c79853 _d79853 |
||